000 00317nam a2200121 a 4500
005 20140414132112.0
008 110520s19uu xx 00 eng d
050 _aVCD
_bB72
245 _aBread from heaven.
260 _bNest Entertainment.
440 _aThe Animated Stories from the New Testament
999 _c114780
_d114780